Suomalaisia, joilla on I-alkuiset nimikirjaimet - Statistics

Yleistilastot
  • Tätä visaa on pelattu 186 kertaa
    154 viimeisimmän päivityksen jälkeen
  • Keskiarvotulos 9 / 16
Vastaustilastot
Vihje Henkilö % Oikein
IN Hiihdon kolminkertainen olympiavoittaja Iivo Niskanen
86%
IG Mm. "Työmiehen lauantai"- ja "Ei tippa tapa"-kappaleista tunnettu renttulaulaja Irwin Goodman
82%
II Esiintynyt mm. Radio Suomipopissa nimellä Hovimuusikko Ilkka Ihamäki
81%
IA Hassisen Kone- ja Sielun veljet-yhtyeiden laulaja ja lauluntekijä Ismo Alanko
77%
IL Maailman hauskimmaksi ihmiseksi vuonna 2014 valittu stand up-koomikko Ismo Leikola
77%
IF Useissa joukkueissa ja liigoissa pelannut jääkiekkoilija. Valtterin veli. Ilari Filppula
75%
IR Yksi Suomen myydyimmistä kirjailijoista, joka on erikoistunut jännityskirjoihin Ilkka Remes
73%
IE Alun perin 13-vuotiaana julkisuuteen ponnahtanut poplaulaja Isac Elliot
60%
IU Mm. Masked Singer-, X-Factor-, ja Uutisvuoto-ohjelmien juontaja Ile Uusivuori
59%
IS Junttidiskon kuninkaaksikin tituleerattu iskelmä- ja poplaulaja Ilkka "Frederik" Sysimetsä
58%
IB Näyttelijätär, joka on nähty mm. Samuli Edelmannin ja George Clooneyn vastanäyttelijänä Irina Björklund
57%
IK Punainen viiva-romaanista tunnettu kainuulaiskirjailija Ilmari Kianto
53%
IV 1990-luvun laman aikainen valtiovarainministeri Iiro Viinanen
52%
IH B. Virtanen-sarjakuvan piirtäjä Ilkka Heilä
18%
IJ Mannerheim-ristin ritari ja eniten ilmavoittoja saavuttanut ei-saksalainen lentäjä toisessa maailmansodassa Ilmari Juutilainen
18%
IM Mm. Hullu juttu- tv-sarjasta tunnettu toimittaja ja juontaja Ina Mikkola
17%
Ehtoja vastaavia visoja ei löytynyt
Tulosjakauma
Jokaisen tuloksen saaneiden osuus
Persentiili vastausten määrän mukaan
Tuloshistoriasi
Et ole pelannut tätä visaa sen viimeisimmän päivityksen jälkeen